| 000 | 00623nam a2200217Ii 4500 | ||
|---|---|---|---|
| 001 | 1248 | ||
| 003 | CO-ViMGA | ||
| 008 | 241108s9999||||xx |||||||||||||| ||und|| | ||
| 020 | _a8495501074 | ||
| 040 |
_aCO-ViMGA _bspa _erda _cCO-ViMGA |
||
| 041 | 0 | _aspa | |
| 084 | _aN SAR2 | ||
| 100 | 1 |
_aJosé Saramago _949052 |
|
| 245 | 1 | 0 | _aEnsayo sobre la ceguera |
| 264 | 1 | _a[Lugar de publicación no identificado] : Punto de lectura, 2002 | |
| 300 | _avolumen | ||
| 336 |
_atext _btxt _2rdacontent |
||
| 337 |
_aunmediated _bn _2rdamedia |
||
| 338 |
_avolume _bnc _2rdacarrier |
||
| 940 | _aidficha_siabuc: 1224. -- ficha_no_siabuc:1248 | ||
| 999 |
_c43695 _d43695 |
||